[Event "World Senior Teams +50"]
[Site "Radebeul GER"]
[Date "2016.07.01"]
[Round "6.19"]
[Board "4"]
[White "Gromark, Per-Olof"]
[Black "Serjmyadag, Damdin"]
[Result "1-0"]
[WhiteElo "2003"]
[BlackElo "1949"]
[WhiteTeam "Sweden"]
[BlackTeam "Mongolia Women"]
[WhiteFideId "1722433"]
[BlackFideId "4900510"]
[EventDate "2016.06.26"]

1. Nf3 Nf6 2. c4 g6 3. Nc3 Bg7 4. e4 d6 5. d4 Nbd7 6. Be2 O-O 7. O-O e5 8. d5
Ne8 9. Be3 h6 10. Nd2 Kh7 11. Qc2 Qe7 12. b4 Rg8 13. Nb3 b6 14. Na4 Nf8 15. c5
Bd7 16. Nc3 f5 17. exf5 gxf5 18. f3 Kh8 19. Rae1 Qf6 20. f4 Qg6 21. Rf3 exf4 22.
Rxf4 Be5 23. Rf2 Qg7 24. Nb5 Bxh2+ 25. Kxh2 Qg3+ 26. Kg1 Qxe3 27. c6 Bc8 28. Kf1
Qg5 29. Bd3 Ba6 30. a4 Bxb5 31. axb5 f4 32. Nd2 Ng6 33. Nf3 Qf6 34. Re6 Qa1+ 35.
Ne1 Ne5 36. Rxh6+ Kg7 37. Rh7+ 1-0

[Event "World Senior Teams +50"]
[Site "Radebeul GER"]
[Date "2016.07.01"]
[Round "6.20"]
[Board "1"]
[White "Siggelkow, Axel"]
[Black "Bauer, Burkhard"]
[Result "0-1"]
[WhiteElo "2038"]
[BlackElo "2056"]
[WhiteTeam "BSV Chemie Radebeul"]
[BlackTeam "SV Aufbau Bernburg"]
[WhiteFideId "24681350"]
[BlackFideId "24664553"]
[EventDate "2016.06.26"]

1. d4 f5 2. e4 fxe4 3. Nc3 Nf6 4. Bg5 Nc6 5. d5 Ne5 6. Qd4 Nf7 7. h4 c6 8. O-O-O
Qb6 9. Bxf6 gxf6 10. Nxe4 Qxd4 11. Rxd4 Bg7 12. Ng3 Nd6 13. Rd1 cxd5 14. Rxd5 b6
15. Be2 Bb7 16. Bh5+ Kd8 17. Rd1 Bxg2 18. Rh2 Bc6 19. N1e2 f5 20. Kb1 Kc7 21.
Nd4 Bxd4 22. Rxd4 Raf8 23. b3 Rhg8 24. Kb2 f4 25. Ne2 e5 26. Rxd6 Kxd6 27. f3 e4
28. Nd4 exf3 29. Bxf3 Bxf3 30. Nxf3 Rg3 31. Rd2+ Ke6 32. Ng5+ Kf5 33. Nxh7 Rh8
34. Rxd7 f3 35. Ng5 Rxh4 36. Rd5+ Kf4 37. Ne6+ Ke3 38. Rd3+ Kf2 39. Kc3 Rgg4 40.
Rd2+ Ke1 41. Rd3 f2 42. Re3+ Kf1 43. Kd2 Kg1 0-1

[Event "World Senior Teams +50"]
[Site "Radebeul GER"]
[Date "2016.07.01"]
[Round "6.20"]
[Board "2"]
[White "Schmidt, Joerg"]
[Black "Westphal, Norbert"]
[Result "1/2-1/2"]
[WhiteElo "2112"]
[BlackElo "1965"]
[WhiteTeam "SV Aufbau Bernburg"]
[BlackTeam "BSV Chemie Radebeul"]
[WhiteFideId "4641698"]
[BlackFideId "12973610"]
[EventDate "2016.06.26"]

1. e4 Nf6 2. Nc3 e5 3. Nf3 Nc6 4. Bb5 Nd4 5. O-O Nxf3+ 6. Qxf3 c6 7. Bc4 Bc5 8.
d3 d6 9. h3 Qe7 10. Bb3 Be6 11. Be3 Nd7 12. Ne2 O-O 13. Ng3 Kh8 14. Rad1 Qf6 15.
Qxf6 Nxf6 16. Bxc5 dxc5 17. f4 Bxb3 18. axb3 Rae8 19. Ra1 a6 20. Ra5 Nd7 21. Nf5
Ra8 22. Ra4 f6 23. Nd6 b6 24. Raa1 a5 25. Nc4 Kg8 26. Rf2 Ra7 27. Raf1 b5 28.
Ne3 a4 29. bxa4 Rxa4 30. Nf5 Kf7 31. Ne3 Ra2 32. b3 Rfa8 33. g3 Ra1 1/2-1/2

[Event "World Senior Teams +50"]
[Site "Radebeul GER"]
[Date "2016.07.01"]
[Round "6.20"]
[Board "3"]
[White "Muehlberg, Frank"]
[Black "Wagner, Bernd2"]
[Result "1/2-1/2"]
[WhiteElo "1929"]
[BlackElo "1935"]
[WhiteTeam "BSV Chemie Radebeul"]
[BlackTeam "SV Aufbau Bernburg"]
[WhiteFideId "4680235"]
[BlackFideId "24601721"]
[EventDate "2016.06.26"]

1. d4 Nf6 2. c4 c5 3. dxc5 Qa5+ 4. Nc3 Qxc5 5. e3 g6 6. a3 a5 7. b3 Bg7 8. Bb2
O-O 9. Nf3 e6 10. Rc1 Qe7 11. Be2 Ne4 12. Qc2 Nxc3 13. Bxc3 Bxc3+ 14. Qxc3 Qxa3
15. O-O Nc6 16. Rfd1 Qe7 17. c5 Nb4 18. Ra1 Rd8 19. Rd6 Nd5 20. Qd2 b6 21. b4
Nxb4 22. Rxb6 Ba6 23. Rxa5 Bxe2 24. Qxb4 Rxa5 25. Qxa5 Bxf3 26. gxf3 Qg5+ 27.
Kf1 d6 28. Rb5 dxc5 29. Rxc5 Qf6 30. Kg2 h5 31. Qc3 Kg7 1/2-1/2

[Event "World Senior Teams +50"]
[Site "Radebeul GER"]
[Date "2016.07.01"]
[Round "6.20"]
[Board "4"]
[White "Winnig, Bernd"]
[Black "Richter, Andreas"]
[Result "1/2-1/2"]
[WhiteElo "1999"]
[BlackElo "1747"]
[WhiteTeam "SV Aufbau Bernburg"]
[BlackTeam "BSV Chemie Radebeul"]
[WhiteFideId "4673190"]
[BlackFideId "12975354"]
[EventDate "2016.06.26"]

1. d4 Nf6 2. c4 g6 3. Nc3 d5 4. Nf3 Bg7 5. Bf4 c6 6. cxd5 Nxd5 7. Be5 Nxc3 8.
bxc3 O-O 9. e4 Qa5 10. Qb3 Bg4 11. Bxg7 Kxg7 12. Ne5 Be6 13. Bc4 Nd7 14. Nxd7
Bxd7 15. O-O b5 16. Be2 Qc7 17. c4 a6 18. Rac1 Qf4 19. f3 f5 20. g3 Qd2 21. Qd1
Qe3+ 22. Kg2 fxe4 23. fxe4 Be6 24. Re1 Qa3 25. Qb3 1/2-1/2

[Event "World Senior Teams +50"]
[Site "Radebeul GER"]
[Date "2016.07.01"]
[Round "6.21"]
[Board "1"]
[White "Schultheis, Heinz"]
[Black "Buchholz, Ralf"]
[Result "1-0"]
[WhiteElo "2114"]
[BlackElo "1926"]
[WhiteTeam "Schachfreunde Zeitz"]
[BlackTeam "Deutsche Schach-Loewen"]
[WhiteFideId "16212037"]
[BlackFideId "24693910"]
[EventDate "2016.06.26"]

1. d4 Nf6 2. c4 c5 3. d5 g6 4. Nc3 Bg7 5. e4 d6 6. Be2 Bd7 7. Be3 Na6 8. Qd2 h5
9. h3 Qa5 10. Nf3 Rb8 11. O-O Nc7 12. e5 dxe5 13. Nxe5 Ne4 14. Nxe4 Qxd2 15.
Nxd2 Bxe5 16. Bxc5 Bxb2 17. Rab1 Be5 18. Nf3 Bd6 19. Bxa7 Ra8 20. Bd4 f6 21. c5
Bf4 22. Bc4 Ra4 23. Bb3 Ra5 24. Rfe1 Kf8 25. d6 exd6 26. Bxf6 Rh7 27. cxd6 Bxd6
28. Ng5 Rxg5 29. Bxg5 Bb4 30. Re3 Bf5 31. Rd1 Rd7 32. Rxd7 Bxd7 33. Rf3+ 1-0

[Event "World Senior Teams +50"]
[Site "Radebeul GER"]
[Date "2016.07.01"]
[Round "6.21"]
[Board "2"]
[White "Grosselohmann, Gerhard"]
[Black "Just, Joachim"]
[Result "1/2-1/2"]
[WhiteElo "2004"]
[BlackElo "1926"]
[WhiteTeam "Deutsche Schach-Loewen"]
[BlackTeam "Schachfreunde Zeitz"]
[WhiteFideId "4645219"]
[BlackFideId "4648102"]
[EventDate "2016.06.26"]

1. d4 d5 2. Nf3 c6 3. g3 Nf6 4. Bg2 g6 5. O-O Bg7 6. c4 O-O 7. Nc3 e6 8. Qc2
Nbd7 9. Rd1 Qe7 10. b3 Re8 11. Bb2 Nh5 12. e4 dxe4 13. Nxe4 Nhf6 14. Nfd2 Nh5
15. Re1 Qd8 16. Rad1 Qc7 17. c5 Nhf6 18. Nc4 Nd5 19. Ned6 Re7 20. Bh3 Nf8 21.
Re2 Bd7 22. Ne5 Be8 23. Rde1 Rd8 24. a3 Nd7 25. Bc1 h6 26. Nd3 Kh7 27. Bb2 Nf8
28. f4 f5 29. Ne5 Nf6 30. Bg2 Nd5 31. Kh1 Bf6 32. Qd2 Bg7 33. Qd3 Nf6 34. b4 a6
35. Qb3 Nd5 36. Bf1 Bf6 37. Rc2 Nd7 38. Nec4 Nf8 39. Bg2 Bg7 40. Rce2 Nf6 41.
Ne5 N6d7 42. Nec4 Nf6 43. Nb6 Bh8 44. a4 N6d7 45. Nbc4 Nf6 46. Nxe8 Nxe8 47. Ne5
Bxe5 48. Rxe5 Red7 49. d5 cxd5 50. Bd4 Nf6 51. R5e2 Ne4 52. Qd3 Rf7 53. Bb2 Nd7
54. Qd4 Ndf6 55. Rc1 Qd7 56. Ra1 Ng4 57. Kg1 Qe7 58. Qd3 h5 59. Bf3 1/2-1/2

[Event "World Senior Teams +50"]
[Site "Radebeul GER"]
[Date "2016.07.01"]
[Round "6.22"]
[Board "2"]
[White "Fraser-Mitchell, Jeremy N"]
[Black "Gerhardt, Peter-Michael"]
[Result "1-0"]
[WhiteElo "2061"]
[BlackElo "2026"]
[WhiteTeam "England 3"]
[BlackTeam "Stoertebeker"]
[WhiteFideId "405000"]
[BlackFideId "4638379"]
[EventDate "2016.06.26"]

1. d4 Nf6 2. c4 c5 3. d5 b5 4. Bg5 bxc4 5. Nc3 d6 6. e4 h6 7. Bxf6 exf6 8. Bxc4
Be7 9. Nf3 O-O 10. O-O Nd7 11. Nd2 Ne5 12. Be2 Rb8 13. Rb1 f5 14. f4 Ng4 15.
Bxg4 fxg4 16. Nc4 Ba6 17. b3 Bf6 18. Qc2 Bd4+ 19. Kh1 Re8 20. Ne2 Bf6 21. Ng3 g6
22. f5 Bxc4 23. Qxc4 Be5 24. Ne2 Qg5 25. Rbe1 h5 26. a3 Rb7 27. Qd3 h4 28. Nc1
Reb8 29. Qc4 Bg7 30. Qa6 Qe7 31. fxg6 fxg6 32. e5 Bxe5 33. Nd3 Rb6 34. Qc4 Qg5
35. Nxe5 dxe5 36. d6+ Kh8 37. Qxc5 Rxb3 38. d7 h3 39. Qxe5+ Qxe5 40. Rxe5 1-0

[Event "World Senior Teams +50"]
[Site "Radebeul GER"]
[Date "2016.07.01"]
[Round "6.22"]
[Board "4"]
[White "Kuehn, Peter2"]
[Black "Thurstan, Tim M"]
[Result "1/2-1/2"]
[BlackTitle "CM"]
[WhiteElo "1961"]
[BlackElo "2079"]
[WhiteTeam "Stoertebeker"]
[BlackTeam "England 3"]
[WhiteFideId "4661486"]
[BlackFideId "425443"]
[EventDate "2016.06.26"]

1. e4 e6 2. d4 d5 3. Nd2 Nf6 4. e5 Nfd7 5. Bd3 c5 6. c3 Nc6 7. Ne2 cxd4 8. cxd4
f6 9. exf6 Nxf6 10. Nf3 Bd6 11. O-O Qc7 12. Bg5 O-O 13. Ng3 Qf7 14. Be3 1/2-1/2

[Event "World Senior Teams +50"]
[Site "Radebeul GER"]
[Date "2016.07.01"]
[Round "6.22"]
[Board "4"]
[White "Majer, Chris E"]
[Black "Buck, Klaus-Michael"]
[Result "1/2-1/2"]
[WhiteElo "1915"]
[BlackElo "1680"]
[WhiteTeam "England 3"]
[BlackTeam "Stoertebeker"]
[WhiteFideId "411876"]
[BlackFideId "24632910"]
[EventDate "2016.06.26"]

1. e4 e6 2. d4 d5 3. Nc3 Bb4 4. Ne2 c6 5. a3 Ba5 6. e5 Ne7 7. Bg5 Nd7 8. Qd3
Bxc3+ 9. Nxc3 h6 10. Qh3 Rg8 11. Be3 Nf5 12. Bd3 Nxe3 13. Qxe3 Qg5 14. Qxg5 hxg5
15. Kd2 b6 16. Rae1 c5 17. Nb5 Ke7 18. c3 c4 19. Bc2 a6 20. Nd6 f6 21. h3 fxe5
22. dxe5 Nc5 23. Ke3 Nb7 24. Nxb7 Bxb7 25. Kd4 Raf8 26. f3 Rf4+ 27. Ke3 Rd8 28.
Rd1 Rdf8 29. Rd4 Bc6 30. Rhd1 Be8 31. Rxf4 gxf4+ 32. Kf2 g5 1/2-1/2

[Event "World Senior Teams +50"]
[Site "Radebeul GER"]
[Date "2016.07.01"]
[Round "6.23"]
[Board "2"]
[White "Skibbe, Diana"]
[Black "Sager, Bernd"]
[Result "1/2-1/2"]
[WhiteTitle "WFM"]
[WhiteElo "2071"]
[BlackElo "1901"]
[WhiteTeam "Germany 2 Women"]
[BlackTeam "Schachfreunde MV"]
[WhiteFideId "4612698"]
[BlackFideId "1270995"]
[EventDate "2016.06.26"]

1. e4 c5 2. Nf3 e6 3. d4 cxd4 4. Nxd4 a6 5. Nc3 Nc6 6. Be2 Qc7 7. Be3 Bb4 8. O-O
Nf6 9. Bf3 Ne5 10. Bd2 Be7 11. Be2 O-O 12. Kh1 Nc4 13. Bc1 b5 14. a3 Bb7 15. Bd3
d5 16. exd5 Nxd5 17. Nxd5 Bxd5 18. Qh5 g6 19. Qh3 Bf6 20. c3 Rfd8 21. Be2 Rd7
22. b3 Na5 23. b4 Nb3 24. Nxb3 Bxb3 25. Qf3 Qd8 26. Bh6 Bd5 27. Qe3 Rc8 28. Rac1
Rdc7 29. Qb6 Bg5 30. Bxg5 Qxg5 31. f3 Rc6 32. Qd4 Bc4 33. f4 Qe7 34. Bxc4 1/2-1/2

[Event "World Senior Teams +50"]
[Site "Radebeul GER"]
[Date "2016.07.01"]
[Round "6.23"]
[Board "3"]
[White "Segebarth, Bernd"]
[Black "Kierzek, Mira"]
[Result "0-1"]
[BlackTitle "WFM"]
[WhiteElo "1924"]
[BlackElo "2003"]
[WhiteTeam "Schachfreunde MV"]
[BlackTeam "Germany 2 Women"]
[WhiteFideId "24657506"]
[BlackFideId "15002110"]
[EventDate "2016.06.26"]

1. e4 d5 2. exd5 Qxd5 3. Nc3 Qa5 4. g3 Nf6 5. Bg2 c6 6. Nf3 g6 7. O-O Bg7 8. Re1
Bg4 9. h3 Bxf3 10. Qxf3 Nbd7 11. Qe2 e6 12. Ne4 Nxe4 13. Bxe4 O-O 14. c3 e5 15.
d3 Qd8 16. Be3 Re8 17. Qc2 Qc7 18. Rad1 Nf6 19. Bg2 Nd5 20. Bc1 Rad8 21. Bg5 Rc8
22. h4 h6 23. Bc1 Rcd8 24. c4 Nb4 25. Qb3 c5 26. a3 Nc6 27. Qb5 Bf8 28. Bd5 a6
29. Qa4 Nd4 30. Bg2 Re6 31. Be3 b5 0-1

[Event "World Senior Teams +50"]
[Site "Radebeul GER"]
[Date "2016.07.01"]
[Round "6.23"]
[Board "4"]
[White "v.d. Weth-v. Nordheim, Petra"]
[Black "Mueggenburg, Rolf"]
[Result "1/2-1/2"]
[WhiteElo "1987"]
[BlackElo "1755"]
[WhiteTeam "Germany 2 Women"]
[BlackTeam "Schachfreunde MV"]
[WhiteFideId "24677264"]
[BlackFideId "4670965"]
[EventDate "2016.06.26"]

1. d4 Nf6 2. Nf3 c6 3. g3 g6 4. Bg2 Bg7 5. O-O O-O 6. c4 d6 7. Nc3 Nbd7 8. Qc2
Re8 9. Rd1 Nf8 10. e4 h6 11. b3 Bg4 12. h3 Bd7 13. e5 N6h7 14. Ba3 Qa5 15. Bb2
Bf5 16. Qc1 Qc7 17. g4 Bd7 18. Re1 a6 19. Qd2 Rab8 20. Rac1 b6 21. Nd1 Qc8 22.
Ne3 f5 23. gxf5 gxf5 24. Nh2 Ng6 25. Nef1 1/2-1/2

[Event "World Senior Teams +50"]
[Site "Radebeul GER"]
[Date "2016.07.01"]
[Round "6.24"]
[Board "1"]
[White "Nachtkamp, Herbert"]
[Black "Becker, Marco"]
[Result "0-1"]
[WhiteElo "2091"]
[BlackElo "1987"]
[WhiteTeam "SK Norderstedt von 1975 e.V."]
[BlackTeam "SV Horst-Emscher"]
[WhiteFideId "4642660"]
[BlackFideId "24601993"]
[EventDate "2016.06.26"]

1. d4 Nf6 2. Nf3 e6 3. e3 d5 4. Bd3 Be7 5. O-O O-O 6. Nbd2 a6 7. Qe2 c5 8. dxc5
Bxc5 9. e4 Nc6 10. e5 Ne8 11. Nb3 Be7 12. c3 f5 13. Be3 b5 14. Nbd4 Bd7 15. a4
bxa4 16. Bxa6 Nc7 17. Bb7 Nxd4 18. Nxd4 Rb8 19. Nc6 Bxc6 20. Bxc6 f4 21. Ba7 f3
22. gxf3 Bg5 23. Kh1 Bf4 24. Rg1 Qh4 25. Rg2 Rbc8 26. Rxa4 Rf5 27. Qf1 Qh6 28.
Qg1 g6 29. Bb6 Bxe5 30. Bd7 Rd8 31. Bxc7 Rxd7 32. Bxe5 Rxe5 33. Rgg4 Kg7 34. Qg3
Re1+ 35. Kg2 Qc1 36. Kh3 Qxb2 37. Rgf4 e5 38. Qg4 Qb5 39. Rfb4 Qf1+ 40. Qg2 Qd3
41. Qg3 Rf7 42. f4 Qd1 43. Qg4 Qd3+ 44. Qg3 Qf1+ 45. Qg2 Qe2 46. Qxd5 Qxf2 47.
Re4 Qf3+ 48. Kh4 Qh5+ 49. Kg3 Rg1+ 50. Kf2 Qxh2+ 0-1

[Event "World Senior Teams +50"]
[Site "Radebeul GER"]
[Date "2016.07.01"]
[Round "6.24"]
[Board "2"]
[White "Arndt, Olaf"]
[Black "Freter, Anke"]
[Result "1-0"]
[WhiteElo "2019"]
[BlackElo "1865"]
[WhiteTeam "SV Horst-Emscher"]
[BlackTeam "SK Norderstedt von 1975 e.V."]
[WhiteFideId "4655907"]
[BlackFideId "4638727"]
[EventDate "2016.06.26"]

1. e4 c5 2. Nf3 Nc6 3. d4 cxd4 4. Nxd4 Nf6 5. Nc3 a6 6. Nxc6 dxc6 7. Qxd8+ Kxd8
8. Bf4 Nh5 9. O-O-O+ Bd7 10. Be3 b5 11. g4 Nf6 12. g5 Ne8 13. Bh3 e6 14. Rd2 Rb8
15. Rhd1 Rb7 16. Ne2 Kc8 17. Nf4 Be7 18. Nd3 f6 19. Nc5 Bxc5 20. Bxc5 fxg5 21.
Rxd7 Rxd7 22. Bxe6 Nf6 23. Rd6 Kc7 24. e5 Rxd6 25. Bxd6+ Kb6 26. exf6 gxf6 27.
b4 Re8 28. Bc5+ Kc7 29. Bf5 h6 30. Kd2 Rd8+ 31. Ke2 Rd5 32. Bd3 a5 33. Bf8 axb4
34. Bxh6 Kb6 35. f4 c5 36. Be4 Rd4 37. Ke3 gxf4+ 38. Bxf4 Rd1 39. h4 Ra1 40. h5
Rxa2 41. h6 Ra3+ 42. Kf2 Rh3 43. Kg2 Rh5 44. Bg6 Rh4 45. Kg3 Rh1 46. Be4 Rg1+
47. Bg2 Rd1 48. h7 Rd8 49. Be3 Rh8 50. Be4 Re8 51. Kf4 Rh8 52. Bf2 1-0

[Event "World Senior Teams +50"]
[Site "Radebeul GER"]
[Date "2016.07.01"]
[Round "6.24"]
[Board "3"]
[White "Schaefer, Ruediger"]
[Black "Goeldenboog, Juergen"]
[Result "1/2-1/2"]
[WhiteElo "1784"]
[BlackElo "1979"]
[WhiteTeam "SK Norderstedt von 1975 e.V."]
[BlackTeam "SV Horst-Emscher"]
[WhiteFideId "1271080"]
[BlackFideId "4634004"]
[EventDate "2016.06.26"]

1. e4 c6 2. d4 d5 3. f3 g6 4. c3 Bg7 5. Bd3 Nd7 6. Ne2 e6 7. O-O Ne7 8. Be3 O-O
9. Qd2 Re8 10. Bh6 Bh8 11. Bg5 Qb6 12. Kh1 e5 13. Be3 exd4 14. Nxd4 c5 15. Nb3
Qd6 16. Bb5 b6 17. Rd1 Bb7 18. Na3 Rad8 19. Bf4 Be5 20. Bxe5 Qxe5 21. exd5 Bxd5
22. Re1 Qh5 23. Rad1 Ne5 24. Rxe5 1/2-1/2

[Event "World Senior Teams +50"]
[Site "Radebeul GER"]
[Date "2016.07.01"]
[Round "6.25"]
[Board "1"]
[White "Rorvik, Jon F."]
[Black "Simon, Ralf-Axel"]
[Result "1/2-1/2"]
[BlackTitle "FM"]
[WhiteElo "2145"]
[BlackElo "2113"]
[WhiteTeam "Norway Mix"]
[BlackTeam "HannoBer"]
[WhiteFideId "1501852"]
[BlackFideId "4603125"]
[EventDate "2016.06.26"]

1. c4 c5 2. Nc3 Nc6 3. g3 g6 4. Bg2 Bg7 5. e4 e6 6. Nge2 Nge7 7. O-O O-O 8. d3
b6 9. f4 Bb7 10. Rb1 d6 11. b3 Nd4 12. Bb2 Qd7 13. Qd2 Rad8 14. Nxd4 Bxd4+ 15.
Kh1 b5 16. Ne2 Bxb2 17. Qxb2 Nc6 18. Rbe1 Rde8 19. Kg1 1/2-1/2

[Event "World Senior Teams +50"]
[Site "Radebeul GER"]
[Date "2016.07.01"]
[Round "6.25"]
[Board "2"]
[White "Spiess, Thomas"]
[Black "Ilyes, Peter"]
[Result "1/2-1/2"]
[WhiteElo "1985"]
[BlackElo "1810"]
[WhiteTeam "HannoBer"]
[BlackTeam "Norway Mix"]
[WhiteFideId "4646959"]
[BlackFideId "1524305"]
[EventDate "2016.06.26"]

1. Nf3 Nf6 2. c4 d6 3. d4 g6 4. Nc3 Bg7 5. e4 O-O 6. Be2 Nbd7 7. O-O e5 8. Be3
Ng4 9. Bg5 f6 10. Bh4 a5 11. Qc2 Nh6 12. Rad1 g5 13. Bg3 Nf7 14. h3 Re8 15. d5
Nf8 16. Nh2 Ng6 17. Bg4 Nf4 18. f3 h5 19. Bxc8 Qxc8 20. Bf2 b6 21. Be3 Nh8 22.
Kh1 Nhg6 23. Rf2 Kf7 24. Nf1 Rg8 25. Ng3 Nxh3 26. Rff1 Nhf4 27. Nf5 h4 28. Bxb6
Nh5 29. Bf2 Rh8 30. Kg1 Nhf4 31. Be3 Ne7 32. Rd2 Bh6 33. c5 Nxf5 34. exf5 Nh5
35. cxd6 cxd6 36. Ne4 Bf8 37. Rc1 Be7 38. Qxc8 Rhxc8 39. Rdc2 Rxc2 40. Rxc2 Ng7
41. g4 Ne8 42. Rc6 a4 43. Bb6 Ra6 1/2-1/2

[Event "World Senior Teams +50"]
[Site "Radebeul GER"]
[Date "2016.07.01"]
[Round "6.25"]
[Board "3"]
[White "Bjorgvik, Jan Arne"]
[Black "Hoffmann, Michael4"]
[Result "0-1"]
[WhiteElo "1803"]
[BlackElo "1931"]
[WhiteTeam "Norway Mix"]
[BlackTeam "HannoBer"]
[WhiteFideId "1503766"]
[BlackFideId "4694376"]
[EventDate "2016.06.26"]

1. e4 c5 2. Nf3 Nc6 3. d4 cxd4 4. Nxd4 Qb6 5. Nxc6 bxc6 6. c4 g6 7. Nc3 Bg7 8.
Qc2 d6 9. Be2 Nf6 10. h3 Rb8 11. O-O O-O 12. Rb1 Nd7 13. Be3 Qa5 14. a3 Qc7 15.
Rfd1 a5 16. Bf3 Ba6 17. Be2 Ne5 18. Na4 c5 19. f4 Nc6 20. Nc3 Nd4 21. Bxd4 Bxd4+
22. Kh1 Qb7 23. Bd3 Qb3 24. Qxb3 Rxb3 25. Na4 Rfb8 26. Bc2 Bxc4 27. Bxb3 Bxb3
28. Nc3 Bxd1 29. Nxd1 Rb3 30. Kh2 Kf8 31. a4 h5 32. g3 Ke8 33. Kg2 Kd7 34. h4
Kc6 35. Kh2 d5 36. exd5+ Kxd5 37. Kg2 c4 38. Rc1 Bxb2 39. Rb1 Bd4 0-1

[Event "World Senior Teams +50"]
[Site "Radebeul GER"]
[Date "2016.07.01"]
[Round "6.25"]
[Board "4"]
[White "Dellos, Peter"]
[Black "Lie, Terje"]
[Result "1-0"]
[WhiteElo "1890"]
[BlackElo "1589"]
[WhiteTeam "HannoBer"]
[BlackTeam "Norway Mix"]
[WhiteFideId "16203291"]
[BlackFideId "1504916"]
[EventDate "2016.06.26"]

1. e4 d6 2. d4 Nf6 3. Nc3 g6 4. Be2 Bg7 5. Be3 O-O 6. Qd2 c6 7. O-O-O b5 8. f3
b4 9. Na4 a5 10. Bh6 Ba6 11. Bxg7 Kxg7 12. g4 Bxe2 13. Nxe2 Na6 14. h4 Qc7 15.
h5 Ng8 16. Nf4 e5 17. hxg6 fxg6 18. Ne6+ Kh8 19. Nxc7 Nxc7 20. Qh2 h6 21. dxe5
Rxf3 22. exd6 Nb5 23. Qe5+ Kh7 24. d7 Rff8 25. Rhf1 g5 26. Rxf8 Rxf8 27. Qe8 Kg7
28. Qxf8+ Kxf8 29. d8=Q+ 1-0

[Event "World Senior Teams +50"]
[Site "Radebeul GER"]
[Date "2016.07.01"]
[Round "6.26"]
[Board "1"]
[White "Wilen, Eero"]
[Black "Daemering, Katrin"]
[Result "1-0"]
[BlackTitle "WFM"]
[WhiteElo "2061"]
[BlackElo "2040"]
[WhiteTeam "Finland"]
[BlackTeam "TSG Markkleeberg von 1903"]
[WhiteFideId "501042"]
[BlackFideId "4612604"]
[EventDate "2016.06.26"]

1. d4 Nf6 2. c4 c5 3. Nf3 cxd4 4. Nxd4 g6 5. g3 Bg7 6. Bg2 O-O 7. Nc3 Nc6 8. O-O
e6 9. Ndb5 a6 10. Nd6 Qa5 11. Qa4 Qh5 12. h3 Rb8 13. Bf4 g5 14. g4 Qg6 15. Bg3
Ra8 16. Rac1 h5 17. c5 hxg4 18. hxg4 Qh6 19. Rfd1 Ne7 20. Nxb7 Bxb7 21. Bxb7
Rad8 22. Kg2 Ng6 23. Rh1 Nh4+ 24. Kg1 e5 25. Nd5 Nxd5 26. Bxd5 Rb8 27. Rc2 Rfd8
28. Qc4 Qf6 29. Qe4 a5 30. a3 Rdc8 31. Rh3 Qe7 32. Bxh4 gxh4 33. Rf3 Rf8 34. Rf5
Rbc8 35. Rh5 Rfd8 36. Qh7+ Kf8 37. Rf5 1-0

[Event "World Senior Teams +50"]
[Site "Radebeul GER"]
[Date "2016.07.01"]
[Round "6.26"]
[Board "2"]
[White "Siebenhuener, Michael"]
[Black "Mottonen, Ari"]
[Result "1/2-1/2"]
[WhiteElo "2034"]
[BlackElo "1987"]
[WhiteTeam "TSG Markkleeberg von 1903"]
[BlackTeam "Finland"]
[WhiteFideId "4659805"]
[BlackFideId "504360"]
[EventDate "2016.06.26"]

1. c4 Nf6 2. Nc3 e6 3. a3 d5 4. d4 Be7 5. Nf3 O-O 6. cxd5 exd5 7. Qc2 Nbd7 8.
Bf4 c6 9. h3 Re8 10. e3 Nf8 11. Bd3 Ng6 12. Bh2 Bd6 13. O-O Bxh2+ 14. Nxh2 Qd6
15. Rfe1 Bd7 16. Rad1 Re7 17. Nf1 Rae8 18. Ng3 Nf8 19. Re2 g6 20. Rde1 Bc8 21.
b4 Ne6 22. Nf1 Ng7 23. Nd2 Bf5 24. Nf3 Ne4 25. Bxe4 Bxe4 26. Nxe4 Rxe4 27. Ne5
f6 28. Nd3 R4e7 29. Qc5 Qb8 30. Qc3 Nf5 31. Nc5 Nd6 32. Qb3 Kh8 33. a4 a6 34.
Qc3 Qc8 35. Qc2 Kg7 36. Rc1 1/2-1/2

[Event "World Senior Teams +50"]
[Site "Radebeul GER"]
[Date "2016.07.01"]
[Round "6.26"]
[Board "3"]
[White "Munukka, Timo"]
[Black "Nuernberger, Thomas"]
[Result "0-1"]
[WhiteElo "1945"]
[BlackElo "1983"]
[WhiteTeam "Finland"]
[BlackTeam "TSG Markkleeberg von 1903"]
[WhiteFideId "502723"]
[BlackFideId "12979716"]
[EventDate "2016.06.26"]

1. d4 c5 2. c4 cxd4 3. Qxd4 Nc6 4. Qd1 Nf6 5. Nf3 e6 6. g3 d5 7. cxd5 Nxd5 8.
Bg2 Bb4+ 9. Bd2 Qf6 10. Qc2 Qg6 11. Qxg6 hxg6 12. a3 Be7 13. Nc3 Nb6 14. Bc1 a6
15. O-O O-O 16. Rd1 e5 17. Nd5 Nxd5 18. Rxd5 Be6 19. Rd1 Rfd8 20. Rxd8+ Rxd8 21.
Be3 Bc4 22. Kf1 f5 23. Rc1 Bd5 24. Ng5 e4 25. f4 Bf6 26. Rb1 Bb3 27. Kf2 Ne7 28.
h4 Rc8 29. Nxe4 fxe4 30. Bxe4 Bc2 31. Bxc2 Rxc2 32. b3 Nd5 33. Rd1 Nc3 34. Bd4
Nxd1+ 0-1

[Event "World Senior Teams +50"]
[Site "Radebeul GER"]
[Date "2016.07.01"]
[Round "6.27"]
[Board "2"]
[White "Nauber, Walter"]
[Black "Schmidt, Hans-Gerd"]
[Result "1-0"]
[WhiteElo "1941"]
[BlackElo "1935"]
[WhiteTeam "Blue Wonder"]
[BlackTeam "TuS Coswig 1920"]
[WhiteFideId "16212045"]
[BlackFideId "4657918"]
[EventDate "2016.06.26"]

1. d4 Nf6 2. c4 g6 3. Nc3 Bg7 4. e4 d6 5. Be2 O-O 6. Bg5 Nbd7 7. Qd2 Re8 8. Nf3
c5 9. d5 a6 10. O-O Nf8 11. h3 e6 12. Bd3 Bd7 13. Qf4 e5 14. Qh4 h5 15. Nh2 N8h7
16. Bd2 Qe7 17. Rad1 Nxd5 18. Qg3 Nxc3 19. Bxc3 b5 20. b3 Ng5 21. Bd2 Ne6 22.
Nf3 Bc6 23. Be3 Nd4 24. Nd2 b4 25. Kh1 a5 26. Rfe1 Ra7 27. Nf3 a4 28. Nxd4 exd4
29. Bg5 Qe6 30. f4 axb3 31. axb3 Ra3 32. Bb1 Qxc4 33. f5 Qa6 34. fxg6 fxg6 35.
Qxd6 Ra5 36. Qxg6 Bd7 37. Qxh5 Re5 38. Bd3 Qd6 39. Bc4+ Be6 40. Qe8+ Kh7 41. Bf4
Bxc4 42. Bxe5 Bxe5 43. bxc4 Ra7 44. Rf1 1-0